Selling you [ a practical guide to achieving the most by becoming your best

Bibliographic Details
Main Author: Hill, Napoleon
Format: Book
Published: Los Angeles : Audio Renaissance Tapes , 1988
Subjects:

MARC

LEADER 00000cam a2200000 7i4500
001 0000001397
002 000001537
005 20080513.0
020 |a 0940687291 
090 0 0 |a 158   |b HIL 
100 1 |a Hill, Napoleon 
245 1 0 |a Selling you [  |h sound recording] :   |b a practical guide to achieving the most by becoming your best   |c Napoleon Hill 
260 |a Los Angeles :   |b Audio Renaissance Tapes ,   |c 1988 
300 |a 2 sound cassettes [2 hours]   |e 1 guide book 
650 0 0 |a Personality and business   |x Self-actualization   |x Success 
999 |a 00003   |b KASET   |c KOLEKSI AUDIO VIDEO   |e PERPUSTAKAAN KOMUNITI PETALING JAYA